Loading...
| Science - Physics | 0 | 5 | 0 | 2 | 50 | 72 | 96.00 | 0 | 2 | 0.00 | 0.00 |
| Literature - American | 0 | 4 | 0 | 1 | 40 | 82 | 121.75 | 0 | 2 | 0.00 | 0.00 |
| Science - Biology | 0 | 4 | 0 | 3 | 40 | 99 | 107.50 | 0 | 0 | 0.00 | 0.00 |
| Fine Arts - Painting and Sculpture | 0 | 3 | 0 | 0 | 30 | 104 | 116.00 | 0 | 1 | 0.00 | 0.00 |
| Fine Arts - Classical Music | 0 | 4 | 3 | 0 | 25 | 112 | 118.25 | 0 | 1 | 0.00 | 0.00 |
| Literature - British | 0 | 3 | 1 | 1 | 25 | 52 | 90.67 | 1 | 2 | 0.00 | 0.00 |
| Fine Arts - Other | 0 | 2 | 0 | 0 | 20 | 83 | 88.50 | 0 | 1 | 0.00 | 0.00 |
| History - World | 0 | 2 | 0 | 0 | 20 | 83 | 107.50 | 0 | 1 | 0.00 | 0.00 |
| Science - Chemistry | 0 | 3 | 2 | 0 | 20 | 62 | 77.67 | 1 | 2 | 0.00 | 0.00 |
| Philosophy | 0 | 2 | 1 | 1 | 15 | 84 | 97.00 | 0 | 1 | 0.00 | 0.00 |
| Science - Other | 0 | 2 | 2 | 0 | 10 | 53 | 68.50 | 1 | 2 | 0.00 | 0.00 |
| Literature - European | 0 | 2 | 2 | 0 | 10 | 30 | 65.00 | 0 | 1 | 0.00 | 0.00 |
| Literature - World | 0 | 1 | 0 | 1 | 10 | 128 | 128.00 | 0 | 0 | 0.00 | 0.00 |
| Other Academic | 0 | 1 | 0 | 1 | 10 | 135 | 135.00 | 0 | 0 | 0.00 | 0.00 |